[Event "CEDIS Festival saha 2024 - finale"]
[Site "Podgorica"]
[Date "2024.10.27"]
[Round "5.4"]
[White "Milovic, Ilija"]
[Black "Vujadinovic, Zeljko"]
[Result "1-0"]
[WhiteElo "1885"]
[BlackElo "1863"]
[PlyCount "39"]
[EventDate "2024.10.25"]
[EventType "tourn"]
[EventRounds "9"]
[EventCountry "MNE"]
[SourceDate "2024.10.26"]

1. Nf3 d5 2. b3 c6 3. Bb2 Bf5 4. e3 e6 5. c4 Nd7 6. cxd5 exd5 7. Be2 Ngf6 8.
O-O Bg4 9. h3 Bxf3 10. Bxf3 Bd6 11. Nc3 Qe7 12. Qc2 Qe5 13. g3 Qe6 14. Bg2 O-O
15. Ne2 Ne4 16. Nd4 Qg6 17. d3 Ng5 18. e4 dxe4 19. dxe4 Rae8 20. Nf5 1-0

[Event "CEDIS Festival saha 2024 - finale"]
[Site "Podgorica"]
[Date "2024.10.27"]
[Round "5.5"]
[White "Zizic, Djordje"]
[Black "Vesovic, Nebojsa"]
[Result "1-0"]
[WhiteElo "1841"]
[BlackElo "1829"]
[PlyCount "77"]
[EventDate "2024.10.25"]
[EventType "tourn"]
[EventRounds "9"]
[EventCountry "MNE"]
[SourceDate "2024.10.26"]

1. e4 g6 2. d4 Bg7 3. Nc3 a6 4. Be3 d6 5. f3 h5 6. Qd2 b5 7. Bd3 Nd7 8. f4 Nb6
9. Qe2 Nh6 10. h3 d5 11. exd5 Nf5 12. Bf2 Nxd4 13. Bxd4 Bxd4 14. Nf3 Bxc3+ 15.
bxc3 Nxd5 16. Rd1 c6 17. Qe5 Rg8 18. Be4 Bb7 19. Kf2 Qb6+ 20. Kg3 Qc5 21. Rhe1
Qxc3 22. Rxd5 Qxe5 23. Rxe5 e6 24. Rc5 Kd7 25. Bxc6+ Bxc6 26. Ne5+ Ke7 27.
Nxc6+ Kf6 28. c4 Rgc8 29. Rc1 b4 30. Ne5 Rxc5 31. Nd7+ Kf5 32. Nxc5 a5 33. Kf3
h4 34. Ne4 Rd8 35. Ke3 e5 36. fxe5 Kxe5 37. c5 f5 38. Nd6 Kf6 39. c6

[Event "CEDIS Festival saha 2024 - finale"]
[Site "Podgorica"]
[Date "2024.11.01"]
[Round "6.1"]
[White "Djukanovic, Sreten"]
[Black "Vesovic, Nebojsa"]
[Result "1-0"]
[WhiteElo "2106"]
[BlackElo "1829"]
[PlyCount "67"]
[EventDate "2024.10.25"]
[EventType "tourn"]
[EventRounds "9"]
[EventCountry "MNE"]
[SourceDate "2024.10.26"]

1. d4 e6 2. c4 c5 3. d5 d6 4. Nc3 e5 5. e4 Be7 6. Nf3 Nf6 7. g3 Na6 8. Bg2 Nc7
9. O-O Bd7 10. a4 Qc8 11. Nxe5 Bh3 12. Nf3 Bxg2 13. Kxg2 Nh5 14. e5 O-O 15. Ng5
g6 16. g4 Ng7 17. exd6 Bxd6 18. Nge4 Qd8 19. Nxd6 Qxd6 20. Ne4 Qe7 21. Re1 Qd8
22. Nxc5 f5 23. Bf4 fxg4 24. Qxg4 Nxd5 25. cxd5 Qxd5+ 26. Ne4 Nh5 27. Bh6 Rf5
28. Rad1 Qc6 29. Rd6 Qe8 30. Nf6+ Nxf6 31. Rxe8+ Nxe8 32. Qc4+ Kh8 33. Qc3+ Kg8
34. Rd7 1-0

[Event "CEDIS Festival saha 2024 - finale"]
[Site "Podgorica"]
[Date "2024.11.01"]
[Round "6.2"]
[White "Vujadinovic, Zeljko"]
[Black "Zizic, Djordje"]
[Result "0-1"]
[WhiteElo "1863"]
[BlackElo "1841"]
[PlyCount "70"]
[EventDate "2024.10.25"]
[EventType "tourn"]
[EventRounds "9"]
[EventCountry "MNE"]
[SourceDate "2024.10.26"]

1. d4 d5 2. Nf3 Nf6 3. c4 e6 4. Bg5 Bb4+ 5. Bd2 Bxd2+ 6. Nbxd2 O-O 7. e3 b6 8.
cxd5 exd5 9. Rc1 Bg4 10. Qc2 Nbd7 11. Qc6 Rc8 12. Bd3 Re8 13. O-O Re6 14. Qc2
c5 15. Ng5 Rec6 16. Bxh7+ Kf8 17. Qb1 Nxh7 18. Nxh7+ Kg8 19. f4 Qe8 20. Ng5
Qxe3+ 21. Rf2 g6 22. Re1 Qxd4 23. Re7 Rf6 24. g3 Nf8 25. h3 Bf5 26. Qe1 Ne6 27.
Ngf3 Qd3 28. Qe5 Ng5 29. Qxf6 Nxh3+ 30. Kg2 Rf8 31. Ng5 Nxf2 32. Rxf7 Bh3+ 33.
Kxf2 Qxd2+ 34. Kf3 Bg2+ 35. Kg4 Qe2+ 0-1

[Event "CEDIS Festival saha 2024 - finale"]
[Site "Podgorica"]
[Date "2024.11.01"]
[Round "6.3"]
[White "Sijaric, Alvir"]
[Black "Milovic, Ilija"]
[Result "1/2-1/2"]
[WhiteElo "1915"]
[BlackElo "1885"]
[PlyCount "48"]
[EventDate "2024.10.25"]
[EventType "tourn"]
[EventRounds "9"]
[EventCountry "MNE"]
[SourceDate "2024.10.26"]

1. d4 Nf6 2. c4 b6 3. Nc3 Bb7 4. Bf4 e6 5. a3 Be7 6. Qc2 c5 7. e3 O-O 8. Rd1
cxd4 9. exd4 d5 10. cxd5 Nxd5 11. Bg3 Nxc3 12. Qxc3 Nc6 13. Nf3 Rc8 14. Qe3 Bf6
15. Be5 Na5 16. b4 Nc4 17. Bxc4 Rxc4 18. O-O Bxf3 19. Qxf3 Bxe5 20. dxe5 Qc7
21. Rfe1 Rc8 22. g3 Rc3 23. Re3 Rxe3 24. Qxe3 h6 1/2-1/2

[Event "CEDIS Festival saha 2024 - finale"]
[Site "Podgorica"]
[Date "2024.11.01"]
[Round "6.5"]
[White "Mosurovic, Milena"]
[Black "Lakusic, Zoran"]
[Result "1-0"]
[WhiteElo "1816"]
[BlackElo "1752"]
[PlyCount "101"]
[EventDate "2023.10.25"]
[EventType "tourn"]
[EventRounds "9"]
[EventCountry "MNE"]
[SourceDate "2024.10.26"]

1. e4 c5 2. Nc3 Nc6 3. g3 e6 4. Bg2 a6 5. d3 Nge7 6. Be3 Nd4 7. f4 Nec6 8. Nf3
Be7 9. Qd2 b5 10. Nd1 Nxf3+ 11. Bxf3 Bb7 12. Qf2 Qa5+ 13. c3 b4 14. O-O O-O 15.
f5 Ne5 16. Be2 d5 17. d4 Nc4 18. Bxc4 cxd4 19. Bxd4 dxc4 20. f6 gxf6 21. Bxf6
Bxf6 22. Qxf6 Bxe4 23. Rf4 Qc5+ 24. Nf2 Bg6 25. cxb4 Qb6 26. h4 h5 27. g4 Qd8
28. Qxd8 Rfxd8 29. Rxc4 e5 30. Re1 Rd4 31. Rxd4 exd4 32. Rd1 Rd8 33. Rd2 hxg4
34. Nxg4 Bb1 35. a3 f5 36. Ne5 d3 37. Nc6 Rd7 38. Kf2 Kg7 39. Kf3 Kf6 40. Kf4
Rd6 41. Na5 Rd4+ 42. Kg3 Ke5 43. h5 Ke4 44. Nb3 Ke3 45. Nxd4 Kxd2 46. Kf4 Ke1
47. h6 Kf2 48. Nf3 Bc2 49. h7 Bd1 50. Ne5 d2 51. Nc4 1-0

[Event "CEDIS Festival saha 2024 - finale"]
[Site "Podgorica"]
[Date "2024.11.02"]
[Round "7.1"]
[White "Lakusic, Zoran"]
[Black "Djukanovic, Sreten"]
[Result "0-1"]
[WhiteElo "1752"]
[BlackElo "2106"]
[PlyCount "72"]
[EventDate "2024.10.25"]
[EventType "tourn"]
[EventRounds "9"]
[EventCountry "MNE"]
[SourceDate "2024.10.26"]

1. Nf3 c5 2. c4 Nc6 3. d4 cxd4 4. Nxd4 e5 5. Nxc6 bxc6 6. g3 Nf6 7. Bg2 Bc5 8.
O-O O-O 9. h3 h6 10. Nd2 d5 11. Nb3 Bd6 12. c5 Bc7 13. Qc2 a5 14. Nd2 Ba6 15.
Nf3 Qd7 16. b3 d4 17. Rd1 Nd5 18. Bb2 a4 19. bxa4 Rab8 20. Nh4 f5 21. Bxd5+
Qxd5 22. Nxf5 Rxf5 23. Qxf5 Rxb2 24. e4 Qf7 25. Qxf7+ Kxf7 26. Kg2 Ba5 27. Rab1
Rxb1 28. Rxb1 d3 29. Kf3 d2 30. Ke3 g5 31. f3 Bc4 32. Rd1 Bb4 33. f4 exf4+ 34.
gxf4 gxf4+ 35. Kf3 Bxa2 36. Ke2 Bc4+ 0-1

[Event "CEDIS Festival saha 2024 - finale"]
[Site "Podgorica"]
[Date "2024.11.02"]
[Round "7.3"]
[White "Milovic, Ilija"]
[Black "Abramovic, Dragoljub"]
[Result "1/2-1/2"]
[WhiteElo "1885"]
[BlackElo "2027"]
[PlyCount "51"]
[EventDate "2024.10.25"]
[EventType "tourn"]
[EventRounds "9"]
[EventCountry "MNE"]
[SourceDate "2024.10.26"]

1. d4 e6 2. c4 Bb4+ 3. Bd2 Qe7 4. a3 Bxd2+ 5. Qxd2 Nf6 6. Nc3 b6 7. e4 d6 8.
Qg5 g6 9. Be2 Bb7 10. Bf3 e5 11. Nge2 Nc6 12. Nb5 h6 13. Qe3 a6 14. Nbc3 exd4
15. Nxd4 Nxd4 16. Qxd4 Qe5 17. Qxe5+ dxe5 18. Nd5 Nxd5 19. cxd5 c6 20. dxc6
Bxc6 21. Rc1 Bb5 22. Be2 Ke7 23. Bxb5 axb5 24. Ke2 Rhc8 25. Rhd1 Ke6 26. f3
1/2-1/2

[Event "CEDIS Festival saha 2024 - finale"]
[Site "Podgorica"]
[Date "2024.11.02"]
[Round "7.4"]
[White "Zizic, Djordje"]
[Black "Sijaric, Alvir"]
[Result "0-1"]
[WhiteElo "1841"]
[BlackElo "1915"]
[PlyCount "102"]
[EventDate "2024.10.25"]
[EventType "tourn"]
[EventRounds "9"]
[EventCountry "MNE"]
[SourceDate "2024.10.26"]

1. e4 c6 2. Nf3 d5 3. Nc3 dxe4 4. Nxe4 Nf6 5. Qe2 Nxe4 6. Qxe4 Qd5 7. Qxd5 cxd5
8. d4 Nc6 9. Bb5 Bd7 10. Bf4 Rc8 11. c3 a6 12. Bxc6 Bxc6 13. O-O e6 14. Rfc1 f6
15. Nd2 Kd7 16. Nb3 b6 17. Re1 Be7 18. Re3 Rhe8 19. Rae1 Bf8 20. h4 a5 21. a3
Ra8 22. g4 Ba4 23. Nc1 Bc2 24. h5 h6 25. R3e2 Be4 26. Nb3 Bf3 27. Rc2 Rac8 28.
Rec1 Bxg4 29. c4 Rxc4 30. Rxc4 dxc4 31. Nd2 Rc8 32. Nxc4 Rc6 33. Be3 Be2 34. b3
Bxc4 35. bxc4 Bxa3 36. Rc2 Bb4 37. f3 b5 38. c5 Ra6 39. Rg2 a4 40. Rxg7+ Kc6
41. Rg2 a3 42. Ra2 Bc3 43. Bxh6 Bxd4+ 44. Kg2 b4 45. Bf8 b3 46. Re2 a2 47.
Rxe6+ Kb5 48. Rxa6 Kxa6 49. c6 a1=Q 50. c7 Kb7 51. c8=Q+ Kxc8 0-1

[Event "CEDIS Festival saha 2024 - finale"]
[Site "Podgorica"]
[Date "2024.11.02"]
[Round "8.1"]
[White "Djukanovic, Sreten"]
[Black "Vujadinovic, Zeljko"]
[Result "1-0"]
[WhiteElo "2106"]
[BlackElo "1863"]
[PlyCount "49"]
[EventDate "2024.10.25"]
[EventType "tourn"]
[EventRounds "9"]
[EventCountry "MNE"]
[SourceDate "2024.10.26"]

1. d4 d5 2. c4 c6 3. Nc3 Nf6 4. Bg5 Nbd7 5. e3 e6 6. Nf3 Bb4 7. cxd5 exd5 8.
Bd3 Qa5 9. Qc2 h6 10. Bh4 Bd6 11. O-O Qc7 12. Rac1 a6 13. a3 g5 14. Bg3 Rg8 15.
Rfe1 Kf8 16. Nd2 Kg7 17. e4 Bxg3 18. fxg3 dxe4 19. Ndxe4 Nxe4 20. Nxe4 Qd8 21.
Rf1 Nb6 22. Nf6 Qxd4+ 23. Kh1 Rf8 24. Be2 Rh8 25. Rcd1 1-0

[Event "CEDIS Festival saha 2024 - finale"]
[Site "Podgorica"]
[Date "2024.11.02"]
[Round "8.2"]
[White "Sijaric, Alvir"]
[Black "Vesovic, Nebojsa"]
[Result "1-0"]
[WhiteElo "1915"]
[BlackElo "1829"]
[PlyCount "95"]
[EventDate "2024.10.25"]
[EventType "tourn"]
[EventRounds "9"]
[EventCountry "MNE"]
[SourceDate "2024.10.26"]

1. d4 Nf6 2. c4 g6 3. Nc3 Bg7 4. e4 d6 5. Be2 O-O 6. g4 c5 7. d5 a6 8. g5 Ne8
9. h4 Nc7 10. a4 e6 11. h5 exd5 12. cxd5 a5 13. Nh3 Nba6 14. Be3 Qe7 15. f3 Nb4
16. Qd2 Bd7 17. Ra3 b6 18. Nf2 Rae8 19. Nfd1 Qd8 20. Bf4 Qe7 21. Be3 Be5 22.
Bc4 f6 23. hxg6 hxg6 24. f4 Bd4 25. Qh2 Qg7 26. gxf6 Bxf6 27. Kd2 Qh8 28. Nf2
Qxh2 29. Rxh2 Bd4 30. Bxd4 cxd4 31. Ne2 Kg7 32. Rg3 Rc8 33. Rhg2 Be8 34. b3 Bf7
35. Nxd4 Kf6 36. Nd3 Nxd3 37. Kxd3 Rh8 38. Nc6 Rh5 39. Kd4 Rh4 40. Rg4 Rxg4 41.
Rxg4 Be8 42. e5+ dxe5+ 43. fxe5+ Kf5 44. Rxg6 Kxg6 45. Ne7+ Kf7 46. Nxc8 b5 47.
Nd6+ Ke7 48. axb5 1-0

[Event "CEDIS Festival saha 2024 - finale"]
[Site "Podgorica"]
[Date "2024.11.02"]
[Round "8.3"]
[White "Abramovic, Dragoljub"]
[Black "Zizic, Djordje"]
[Result "0-1"]
[WhiteElo "2027"]
[BlackElo "1841"]
[PlyCount "82"]
[EventDate "2024.10.25"]
[EventType "tourn"]
[EventRounds "9"]
[EventCountry "MNE"]
[SourceDate "2024.10.26"]

1. d4 d5 2. Nf3 Nf6 3. c4 e6 4. Qc2 Bb4+ 5. Bd2 Bxd2+ 6. Nbxd2 O-O 7. e3 c6 8.
Bd3 Nbd7 9. g4 dxc4 10. Nxc4 g6 11. h4 Nxg4 12. h5 Qf6 13. Ncd2 e5 14. Rg1 gxh5
15. Bxh7+ Kg7 16. Bf5 Rh8 17. Bxg4 hxg4 18. Rxg4+ Kf8 19. dxe5 Nxe5 20. Qc5+
Qe7 21. Qxe5 Rh1+ 22. Nf1 Bxg4 23. Qxe7+ Kxe7 24. N3h2 Bh3 25. Ke2 Rd8 26. Rc1
Rg1 27. Rc4 Rg5 28. Nd2 Rgd5 29. Re4+ Be6 30. Nhf3 Kf8 31. a3 Bf5 32. Rb4 Bd3+
33. Kd1 b6 34. b3 Bg6 35. Ra4 Bh5 36. Kc2 Bxf3 37. Nxf3 Rf5 38. Nd4 Rxf2+ 39.
Kc3 Rd7 40. Rc4 c5 41. Nb5 a6 0-1

[Event "CEDIS Festival saha 2024 - finale"]
[Site "Podgorica"]
[Date "2024.11.02"]
[Round "8.4"]
[White "Mosurovic, Milena"]
[Black "Milovic, Ilija"]
[Result "0-1"]
[WhiteElo "1816"]
[BlackElo "1885"]
[PlyCount "66"]
[EventDate "2024.10.25"]
[EventType "tourn"]
[EventRounds "9"]
[EventCountry "MNE"]
[SourceDate "2024.10.26"]

1. e4 c5 2. Nc3 e6 3. g3 Nc6 4. Bg2 Nf6 5. Nge2 Be7 6. O-O O-O 7. h3 d5 8. exd5
exd5 9. d4 h6 10. Be3 cxd4 11. Nxd4 Bd7 12. Kh2 Qc8 13. Re1 Bb4 14. Qd3 Ne5 15.
Qd1 Nc4 16. Bc1 Nxb2 17. Bxb2 Bxc3 18. Bxc3 Qxc3 19. Re3 Qc7 20. Rb1 Rfe8 21.
Reb3 b6 22. Ne2 Qc4 23. Nf4 Bc6 24. Rb4 Qc5 25. Nd3 Qe7 26. Nf4 Ne4 27. Nxd5
Bxd5 28. Qxd5 Nc3 29. Qd4 Rac8 30. R1b3 Qe1 31. Bf3 Nxa2 32. Ra4 Rxc2 33. Kg2
Rc1 0-1

[Event "CEDIS Festival saha 2024 - finale"]
[Site "Podgorica"]
[Date "2024.11.03"]
[Round "9.2"]
[White "Milovic, Ilija"]
[Black "Lakusic, Zoran"]
[Result "0-1"]
[WhiteElo "1885"]
[BlackElo "1752"]
[PlyCount "92"]
[EventDate "2024.10.25"]
[EventType "tourn"]
[EventRounds "9"]
[EventCountry "MNE"]
[SourceDate "2024.10.26"]

1. Nf3 e6 2. b3 Nf6 3. Bb2 g6 4. e3 Bg7 5. Be2 O-O 6. c4 c5 7. O-O Nc6 8. d4
Ne4 9. Nbd2 d5 10. Nxe4 dxe4 11. Ne5 Nxe5 12. dxe5 Qg5 13. Qd6 Rd8 14. Qc7 Rd2
15. Bc3 Rc2 16. Rac1 Rxc3 17. Rxc3 Bxe5 18. Qa5 b6 19. Qb5 Bxc3 20. Qc6 Rb8 21.
Qe8+ Kg7 22. Rd1 Bf6 23. g3 Qe5 24. h4 Qc7 25. h5 Bb7 26. Qa4 Rd8 27. Qxa7
Rxd1+ 28. Bxd1 Be5 29. Kg2 Bc6 30. Qa3 f5 31. b4 cxb4 32. Qxb4 Bd6 33. Qb2+ e5
34. Bb3 Bc5 35. Bd1 Kh6 36. hxg6 hxg6 37. Qe2 Qf7 38. Qb2 Qf6 39. Kg1 Kg7 40.
Qd2 Qd6 41. Qc2 f4 42. exf4 exf4 43. gxf4 Qxf4 44. Qc3+ Kf7 45. Qc2 e3 46. fxe3
Bxe3+ 0-1

[Event "CEDIS Festival saha 2024 - finale"]
[Site "Podgorica"]
[Date "2024.11.03"]
[Round "9.3"]
[White "Zizic, Djordje"]
[Black "Mosurovic, Milena"]
[Result "1-0"]
[WhiteElo "1841"]
[BlackElo "1816"]
[PlyCount "59"]
[EventDate "2024.10.25"]
[EventType "tourn"]
[EventRounds "9"]
[EventCountry "MNE"]
[SourceDate "2024.10.26"]

1. e4 e6 2. d3 d5 3. Nd2 c5 4. Ngf3 Nf6 5. g3 Nc6 6. Bg2 Be7 7. O-O O-O 8. e5
Nd7 9. Re1 b5 10. Nf1 Bb7 11. h4 c4 12. d4 a5 13. Bf4 b4 14. c3 a4 15. a3 bxc3
16. bxc3 Na5 17. h5 h6 18. Ne3 Ra6 19. Nd2 Nb3 20. Ra2 Rb6 21. Nc2 Nb8 22. Nb4
Bg5 23. Qg4 Bxf4 24. gxf4 Bc8 25. Re3 Qe7 26. Rg3 f5 27. Qg6 Kh8 28. Nxd5 exd5
29. Qxb6 Bb7 30. Nxc4 1-0

[Event "CEDIS Festival saha 2024 - finale"]
[Site "Podgorica"]
[Date "2024.11.03"]
[Round "9.4"]
[White "Vesovic, Nebojsa"]
[Black "Abramovic, Dragoljub"]
[Result "0-1"]
[WhiteElo "1829"]
[BlackElo "2027"]
[PlyCount "74"]
[EventDate "2024.10.25"]
[EventType "tourn"]
[EventRounds "9"]
[EventCountry "MNE"]
[SourceDate "2024.10.26"]

1. Nf3 d5 2. c4 c6 3. cxd5 cxd5 4. d4 Nc6 5. Nc3 Nf6 6. e3 Qb6 7. Be2 Bg4 8.
O-O e6 9. Bd2 Be7 10. Na4 Qc7 11. h3 Bh5 12. Rc1 Ne4 13. Ne5 Bxe2 14. Qxe2 O-O
15. Rc2 Nxd4 16. Rxc7 Nxe2+ 17. Kh1 Nxd2 18. Re1 Bd6 19. Rxb7 Bxe5 20. Rxe2 Nc4
21. f4 Bf6 22. Rc2 Nxe3 23. Rcc7 h5 24. Nc5 Rab8 25. Nd7 Rxb7 26. Rxb7 Rc8 27.
Nxf6+ gxf6 28. Rxa7 h4 29. Kg1 Rc2 30. b4 Rxg2+ 31. Kh1 Rb2 32. a3 d4 33. Rd7
Nd5 34. Rd8+ Kg7 35. Kg1 d3 36. Kf1 Rb1+ 37. Kf2 d2 0-1

[Event "CEDIS Festival saha 2024 - finale"]
[Site "Podgorica"]
[Date "2024.11.03"]
[Round "9.5"]
[White "Vujadinovic, Zeljko"]
[Black "Sijaric, Alvir"]
[Result "0-1"]
[WhiteElo "1863"]
[BlackElo "1915"]
[PlyCount "82"]
[EventDate "2024.10.25"]
[EventType "tourn"]
[EventRounds "9"]
[EventCountry "MNE"]
[SourceDate "2024.10.26"]

1. d4 d5 2. c4 c6 3. Nc3 Nf6 4. Nf3 e6 5. Bg5 Nbd7 6. cxd5 exd5 7. Bxf6 Qxf6 8.
e3 Bd6 9. Bd3 O-O 10. O-O Qh6 11. e4 dxe4 12. Nxe4 Bc7 13. Qc2 Qf4 14. Neg5 g6
15. Ne4 Nf6 16. Rae1 Nxe4 17. Rxe4 Qf6 18. Rfe1 Bd6 19. Qd2 Bf5 20. Rh4 Bxd3
21. Qxd3 Rfe8 22. Rhe4 Rxe4 23. Rxe4 Rd8 24. Qe3 Qf5 25. g4 Qd5 26. Re8+ Rxe8
27. Qxe8+ Kg7 28. Ne5 Qxa2 29. Qd7 Bxe5 30. dxe5 Qb1+ 31. Kg2 Qe4+ 32. Kf1 Qxe5
33. Qxb7 Qb5+ 34. Qxb5 cxb5 35. b4 Kf6 36. Ke2 Ke5 37. Ke3 Kd5 38. Kd3 f5 39.
gxf5 gxf5 40. f4 h5 41. h4 a6 0-1